000 00687nam a2200205Ia 4500
003 GCL
008 140319s9999 xx 000 0 ara d
040 _aGCL /
_cGCL
082 0 4 _a658.049
_bم م
100 1 _aمصطفى السيد سعدالله
245 1 0 _aالمؤتمرات : تخطيط - تنفيذ - تقييم /
_cمصطفى السيد سعدالله
300 _a326 ص
490 _aالهيئة العامة للاستعلامات
_v0
650 0 4 _aادارة الاعمال
650 0 4 _aالمؤتمرات
650 0 4 _aالمؤتمرات - تخطيط
650 0 4 _aالمؤتمرات - تنفيذ
650 0 4 _aالمؤتمرات - تقييم
942 _2ddc
_cBK
999 _c48362
_d48362